Agriculture profile of the farmers in Theni dist (Record no. 114009)

000 -LEADER
fixed length control field 00448pab a2200181 454500
008 - FIXED-LENGTH DATA ELEMENTS--GENERAL INFORMATION
fixed length control field 180718b2017 xxu||||| |||| 00| 0 eng d
100 ## - MAIN ENTRY--PERSONAL NAME
Personal name Velanganni, S.
245 ## - TITLE STATEMENT
Title Agriculture profile of the farmers in Theni dist
260 ## - PUBLICATION, DISTRIBUTION, ETC.
Date of publication, distribution, etc. 2017
300 ## - PHYSICAL DESCRIPTION
Extent p.46-54.
362 ## - DATES OF PUBLICATION AND/OR SEQUENTIAL DESIGNATION
Dates of publication and/or sequential designation Feb
650 ## - SUBJECT ADDED ENTRY--TOPICAL TERM
Topical term or geographic name entry element Agriculture
650 ## - SUBJECT ADDED ENTRY--TOPICAL TERM
Topical term or geographic name entry element Farmers
700 ## - ADDED ENTRY--PERSONAL NAME
Personal name Anitha, D. Jeba Selvi
700 ## - ADDED ENTRY--PERSONAL NAME
Personal name Barween, M. Akina
773 ## - HOST ITEM ENTRY
Main entry heading Third Concept
909 ## -
-- 114015
Holdings
Withdrawn status Lost status Damaged status Not for loan Permanent Location Current Location Date acquired Serial Enumeration / chronology Barcode Date last seen Price effective from Koha item type
        Indian Institute of Public Administration Indian Institute of Public Administration 2018-07-19 Volume no: 30, Issue no: 360 AR114475 2018-07-19 2018-07-19 Articles

Powered by Koha